000 00478nam a2200169Ia 4500
999 _c26690
_d26690
003 OSt
005 20210106122047.0
008 190216s9999||||xx |||||||||||||| ||und||
040 _coclc
082 _a100
_bPOO/A
100 _aPoonjar, Hariharan
_97313
245 0 _aAnveshanathinte Paathayil /
_cHariharan Poonjar
260 _bChintha Publishers,
_aTrivandrum:
300 _a335p
650 _aPhilosophy
942 _cBK
_2ddc
_h100
_iPOO/A
_k100
_mPOO/A